000 00507nam a22001697a 4500
005 20251108164208.0
008 250721s1987 xx 000 0 ara d
082 1 4 _a070.962/رمز
100 1 _aجيد، رمزي ميخائيل
245 1 0 _aأزمة الديمقراطية و مأزق الصحافة القومية 1952-1984 /
264 1 _aالقاهرة :
_bمكتبة مدبولي،
_c1987.
300 _a352ص
650 1 7 _aالصحافة
650 1 7 _aمصر
942 _2ddc
_cBK
999 _c6060
_d6060